| 000 | 00582cam a2200169 a 4500 | ||
|---|---|---|---|
| 020 | _a9789698893033 | ||
| 082 |
_a796.358092 _bKHA |
||
| 100 | 1 |
_aMahmood, Syed Khalid. _97384 |
|
| 245 | 1 | 0 |
_aCricket fever : _ba history of Pakistan-India tours / _cSyed Khalid Mahmood ;foreword by Mushtaq Mohammad. |
| 250 | _a1st ed. | ||
| 260 |
_aKarachi : _bJumbo Publishing, _c2008. |
||
| 300 |
_a142 p. : _bill. (some col.); _c22 cm. |
||
| 526 |
_a0 _b0 _c0 _d796_358092000000000_KHA |
||
| 650 | 0 |
_aCricket _zIndia _xHistory. _97442 |
|
| 650 | 0 |
_aCricket _zPakistan _xHistory. _97441 |
|
| 942 |
_2ddc _cBK |
||
| 999 |
_c553619 _d553619 |
||